Statistics for JetPunk Family Feud - Round 2

Click here to take the quiz!

General Stats

  • This quiz has been taken 317 times
  • The average score is 28 of 50

Answer Stats

Category#Answer% Correct
Fast-Food Place33McDonald's
96%
Major Religion21Christianity
94%
African Country5South Africa
92%
Major Religion22Islam
90%
African Country19Egypt
90%
Olympian God43Zeus
89%
Asian Capital19Tokyo
87%
Fast-Food Place9Burger King
84%
Asian Capital12Beijing
83%
Periodic Table Element7Oxygen
80%
Periodic Table Element15Hydrogen
79%
Major Religion3Buddhism
76%
African Country4Nigeria
73%
Major Religion6Hinduism
71%
UK Prime Minister14Winston Churchill
66%
Fast-Food Place9Wendy's
66%
Major Island7Madagascar
65%
Periodic Table Element4Helium
63%
Asian Capital4New Delhi
62%
World Leader15Donald Trump
61%
UK Prime Minister13Margaret Thatcher
61%
World Leader10Barack Obama
60%
Major Island4Australia
59%
Major Island10Greenland
59%
African Country4Kenya
58%
African Country4Morocco
57%
Major Religion3Judaism
56%
UK Prime Minister14Boris Johnson
53%
World Leader7Adolf Hitler
50%
Periodic Table Element4Zinc
49%
Asian Capital5Bangkok
46%
Olympian God4Poseidon
46%
Fast-Food Place3Taco Bell
46%
Fast-Food Place2Subway
45%
UK Prime Minister14Theresa May
42%
Olympian God2Athena
40%
World Leader3Joseph Stalin
40%
World Leader8Vladimir Putin
38%
Olympian God4Ares
36%
Periodic Table Element4Neon
32%
Olympian God4Apollo
32%
Asian Capital4Singapore
30%
Major Island4Honshu
29%
Europe Subdivision9England
27%
Major Island4Borneo
24%
Europe Subdivision5Wales
23%
Europe Subdivision4Catalonia
15%
UK Prime Minister3Neville Chamberlain
14%
Europe Subdivision5Bavaria
13%
Europe Subdivision3Tuscany
9%

Score Distribution

Percentile by Number Answered

Percent of People with Each Score

Your Score History

You have not taken this quiz